Biggest Borders in the World - Statistics

General Stats
  • This quiz has been taken 52 times
  • The average score is 13 of 14
Answer Stats
Kilometers Long Answer % Correct
8,893 Canada
100%
4,677 China
100%
3,645 China
100%
Russia
100%
Russia
100%
Russia
100%
USA
98%
5,300 Argentina
96%
Chile
96%
Mongolia
96%
3,543 Mongolia
96%
India
94%
6,846 Kazakhstan
92%
4,053 Bangladesh
81%
No matching quizzes found
Score Distribution
Percent of People with Each Score
Percentile by Number Answered
Your Score History
You have not taken this quiz